|
|
|
|
| LEADER |
00000nam a2200000 a 4500 |
| 001 |
vtls008360051 |
| 003 |
SK-MaSNL |
| 005 |
20260301041548.0 |
| 008 |
181128s1962 xo 000 slo |
| 015 |
|
|
|a SKSNBA1962/12-02492
|
| 035 |
|
|
|a SK01SNK19620052268
|
| 035 |
|
|
|a SKM000054731
|
| 040 |
|
|
|a SNK
|b slo
|c SNK
|e AACR2
|
| 041 |
1 |
|
|a slo
|h cze
|
| 044 |
|
|
|a xo
|c SK
|
| 080 |
|
|
|a 885.0-3(087.5)
|2 1981
|
| 100 |
1 |
|
|a Hartl, Břetislav
|4 aut
|9 343480
|
| 240 |
1 |
0 |
|a Zázračný denník Emanuela Pomaranče
|l Slovensky
|
| 245 |
1 |
0 |
|a Zázračný denník Vincenta Pomaranča
|c Břetislav Hartl ; z čes. rkp. [Zázračný denník Emanuela Pomaranče] prel. Vladimír Hlaváček ; ilustr. Adolf Born
|
| 260 |
|
|
|a Bratislava
|b Mladé letá
|c 1962
|e Trnava
|f Polygrafické závody 03
|
| 300 |
|
|
|a 82, [4] s.
|c 8°
|
| 500 |
|
|
|a Tit. kresba. Predsádky. Rozlož. tit. list
|
| 521 |
|
|
|a Pre čitateľov od 9 rokov
|
| 563 |
|
|
|a 8000 výtl.
|
| 650 |
0 |
7 |
|a poviedky české
|2 SNK
|9 294488
|
| 655 |
|
7 |
|a umelecká literatúra
|2 SNKPH
|9 60405
|
| 700 |
1 |
|
|a Hlaváček, Vladimír
|4 trl
|9 343481
|
| 700 |
1 |
|
|a Born, Adolf,
|d 1930-2016
|4 ill
|9 55161
|
| 730 |
|
|
|a Zázračný denník Emanuela Pomaranče
|9 343482
|
| 852 |
|
|
|a Slovenská národná knižnica v Martine
|b 10000
|h SD 22710
|
| 852 |
|
|
|a Slovenská národná knižnica v Martine
|b 10000
|h SD 22710 D1
|
| 919 |
|
|
|a viaz.
|
| 958 |
|
|
|a OND
|
| 958 |
|
|
|a TL
|
| 958 |
|
|
|a RK
|
| 958 |
|
|
|a DB
|
| 958 |
|
|
|a LX
|
| 958 |
|
|
|a UP
|
| 958 |
|
|
|a CZ
|
| 999 |
|
|
|c 588784
|d 590714
|
| 952 |
|
|
|a SNK
|b SNK
|y VYP
|7 0
|p 17A1051289
|o snkSD 22710 D1
|i snkKSP 5140/62
|0 0
|1 0
|4 0
|d 2012-09-24
|l 0
|r 2026-02-23 15:16:55
|w 2026-02-23
|